000 00225nam a22001217a 4500
040 _cSY
082 _a611
100 _aNA
245 _aជងឺគោក្របី
260 _aNA
_bNA
_cNA
300 _a82p.
942 _cKB
999 _c9925
_d9925